Statistics for U.S. General Knowledge #23

Click here to take the quiz!

General Stats

  • This quiz has been taken 5,442 times
  • The average score is 14 of 20

Answer Stats

Question Answer % Correct
What does the PB stand for in PB&J?Peanut Butter
92%
What Presidential candidate used the slogan "Feel the Bern"?Bernie Sanders
85%
What brand of cereal is promoted by elves named Snap, Crackle, and Pop?Rice Krispies
84%
What generation comes between the Baby Boomers and the Millennials?Generation X
84%
What New York building is the headquarters of the Trump Organization?Trump Tower
83%
On what TV network did "Sesame Street" originally air?PBS
78%
What type of product is made by Aunt Jemima and Mrs. Butterworth's?Syrup
77%
What is the Statue of Liberty made of?Copper
75%
What city is served by George Bush Intercontinental Airport?Houston
73%
What general's first and middle initials also stood for "Unconditional Surrender"?Ulysses S. Grant
72%
What band is led by singer Adam Levine?Maroon 5
71%
Which Looney Tunes character is named after a national park in California?Yosemite Sam
70%
What show from the 1990s was about the 1970s in Wisconsin?That '70s Show
65%
In what city would you find the neighborhoods of Foggy Bottom,
Georgetown, and Navy Yard?
Washington D.C.
63%
What U.S. state has the highest percentage of people of Irish descent?Massachusetts
63%
What Supreme Court justice has been humorously referred to as "Notorious RBG"?Ruth Bader Ginsburg
55%
What medical drama is the world's most-aired soap opera, having run
over 13,000 episodes since 1963?
General Hospital
55%
What show from the 1970s was about the 1950s in Wisconsin?Happy Days
50%
What city's suburbs include Aurora, Centennial, and Castle Rock?Denver
49%
What musician was managed by "Colonel" Tom Parker?Elvis Presley
48%

Score Distribution

Percentile by Number Answered

Percent of People with Each Score

Your Score History

You have not taken this quiz